000 00582nam a2200241Ia 4500
003 OSt
005 20221005124154.0
006 a|||||r|||| 00| 0
007 ta
008 221004b |||||||| |||| 00| 0 eng d
024 _a28806
037 _cTextual
040 _aCRL
_cCRL
_beng
041 _2eng
_aeng
082 _aV44Q74y7LH0, E5
100 _aHotchand Naomul
_9634799
245 0 _aMemoirs
260 _c1915
300 _a222p.
_ccm.
650 _aHISTORY
942 _hV44Q74y7LH0, E5
_cTEXL
_2cc
999 _c1049654
_d1049654